[Event "World Blitz Final"]
[Site "Astana KAZ"]
[Date "2012.07.10"]
[Round "23"]
[White "Gelfand, B."]
[Black "Radjabov, T."]
[Result "0-1"]
[WhiteElo "2738"]
[BlackElo "2788"]
[PlyCount "112"]
[EventDate "2012.07.01"]

1. d4 Nf6 2. c4 g6 3. Nc3 Bg7 4. e4 d6 5. Nf3 O-O 6. Be2 e5 7. O-O exd4 8. Nxd4
Re8 9. f3 c6 10. Kh1 Nh5 11. g4 Nf6 12. Be3 h5 13. g5 Nfd7 14. Qd2 Qe7 15. Rad1
Nb6 16. a4 d5 17. cxd5 Nxd5 18. Nxd5 cxd5 19. Nb5 Bh3 20. Rfe1 dxe4 21. Nd6 Nc6
22. Nxe8 Rxe8 23. f4 Qe6 24. Qd5 Qxd5 25. Rxd5 Ne7 26. Rb5 b6 27. Bf1 Bd7 28.
Rb3 Nf5 29. Bb5 Bxb5 30. axb5 Bf8 31. Kg2 Bd6 32. Bc1 Bc5 33. Bd2 Nd4 34. Rc3
Nxb5 35. Rc4 Nd6 36. Rcc1 Nf5 37. b4 Bd6 38. Rc4 e3 39. Bc3 b5 40. Rc6 Bxf4 41.
Bf6 Nh4+ 42. Kf1 Nf3 43. Re2 Nxg5 44. Bxg5 Bxg5 45. Rc5 Bf4 46. Rxb5 Kg7 47.
Rb7 a6 48. Rc2 Re6 49. Ke2 Bxh2 50. Rc4 Bg3 51. Rd4 h4 52. Rdd7 Rf6 53. Kxe3 h3
54. Rd1 h2 55. Rh1 Bf2+ 56. Ke2 Bg1 0-1

[Event "World Blitz Final"]
[Site "Astana KAZ"]
[Date "2012.07.10"]
[Round "23"]
[White "Karjakin, Sergey"]
[Black "Kotsur, P."]
[Result "1-0"]
[WhiteElo "2779"]
[BlackElo "2548"]
[PlyCount "73"]
[EventDate "2012.07.01"]

1. e4 e5 2. Nf3 Nc6 3. Bb5 a6 4. Ba4 Nf6 5. O-O Be7 6. d3 b5 7. Bb3 d6 8. a4 b4
9. Nbd2 O-O 10. a5 Be6 11. Nc4 Rb8 12. Be3 h6 13. h3 Rb7 14. Nfd2 Nd7 15. Ba4
Ncb8 16. c3 Bg5 17. d4 Bxe3 18. Nxe3 Nf6 19. Qc2 c5 20. dxe5 dxe5 21. Ndc4 b3
22. Bxb3 Nxe4 23. Qxe4 Rxb3 24. Qxe5 Nd7 25. Qd6 Qb8 26. Rfd1 Qb7 27. Nd5 Qb5
28. Qf4 Bxd5 29. Rxd5 Nf6 30. Rd6 Qb8 31. Rad1 Re8 32. Qf3 Qb5 33. Qd3 Ne4 34.
Rb6 Qa4 35. Qd7 Qxd7 36. Rxd7 Rxb6 37. axb6 1-0

[Event "World Blitz Final"]
[Site "Astana KAZ"]
[Date "2012.07.10"]
[Round "24"]
[White "Morozevich, A."]
[Black "Karjakin, Sergey"]
[Result "1/2-1/2"]
[WhiteElo "2770"]
[BlackElo "2779"]
[PlyCount "98"]
[EventDate "2012.07.01"]

1. d4 Nf6 2. c4 e6 3. Nc3 Bb4 4. Qc2 O-O 5. e4 d5 6. e5 Ne4 7. Bd3 c5 8. Nf3
cxd4 9. Nxd4 Nd7 10. Bf4 Bxc3+ 11. bxc3 Ndc5 12. O-O Nxd3 13. Qxd3 b6 14. cxd5
Qxd5 15. Rfd1 Nc5 16. Qg3 Qe4 17. Nb5 Ba6 18. Nd6 Qg6 19. Qe3 Bd3 20. Rd2 Rad8
21. Rad1 Bc2 22. Rc1 Bd3 23. c4 Rd7 24. h3 Rfd8 25. Rc3 Bb1 26. Rd4 Ne4 27. Rb3
Bc2 28. Rb2 Nxd6 29. exd6 Bf5 30. Bg3 f6 31. Rd1 e5 32. c5 bxc5 33. Qxc5 h5 34.
Kh2 Kh7 35. Rb4 Bd3 36. f4 Rxd6 37. fxe5 fxe5 38. Qxe5 Rd5 39. Qf4 a5 40. Rb2
Rd4 41. Qf2 a4 42. Rbd2 R4d5 43. Qf4 a3 44. Qb4 Be4 45. Rxd5 Rxd5 46. Rxd5 Bxd5
47. Qd2 Qe4 48. Bd6 Qc4 49. Bxa3 Qxa2 1/2-1/2

[Event "World Blitz Final"]
[Site "Astana KAZ"]
[Date "2012.07.10"]
[Round "24"]
[White "Radjabov, T."]
[Black "Andreikin, D."]
[Result "1/2-1/2"]
[WhiteElo "2788"]
[BlackElo "2700"]
[PlyCount "176"]
[EventDate "2012.07.01"]

1. d4 Nf6 2. c4 c5 3. d5 b5 4. cxb5 a6 5. b6 g6 6. Nc3 Bg7 7. e4 d6 8. Nf3 Nbd7
9. Be2 O-O 10. O-O Rb8 11. Nd2 Nxb6 12. a4 Nfd7 13. Qc2 Bb7 14. h3 a5 15. Rd1
Rc8 16. b3 f5 17. Bb2 fxe4 18. Ndxe4 c4 19. Bg4 Kh8 20. Be6 Ba6 21. Nb5 c3 22.
Bxc3 Bxc3 23. Nbxc3 Rc7 24. Qd2 Nf6 25. Qh6 Nbd7 26. Rac1 Ne5 27. Nxf6 Rxf6 28.
Ne4 Rxc1 29. Rxc1 Qf8 30. Qxf8+ Rxf8 31. Rc7 Bd3 32. Nd2 Rf4 33. Rxe7 Rd4 34.
Ra7 Be2 35. Nc4 Bxc4 36. bxc4 Nxc4 37. g3 Nb2 38. Rxa5 Nxa4 39. Ra6 Nc5 40.
Rxd6 Nxe6 41. Rxe6 Rxd5 42. Re7 Kg8 43. Kg2 Rd3 44. Kf1 Rd2 45. Kg2 Rd3 46. Ra7
Rb3 47. Rc7 Ra3 48. Kf1 Ra2 49. Rd7 Rb2 50. Kg2 Rb3 51. g4 g5 52. f3 h6 53. Kg3
Ra3 54. Kf2 Rb3 55. Kg2 Ra3 56. Rd4 Kg7 57. f4 gxf4 58. Rxf4 Rb3 59. Rf5 Ra3
60. Rf3 Ra4 61. Kg3 Rb4 62. Rc3 Rb7 63. h4 Ra7 64. Rd3 Rb7 65. Re3 Ra7 66. Kf4
Ra4+ 67. Re4 Ra7 68. Rd4 Rf7+ 69. Ke5 Re7+ 70. Kf5 Rf7+ 71. Ke6 Rf6+ 72. Ke5
Rf7 73. Rd6 Re7+ 74. Kf5 Rf7+ 75. Ke5 Re7+ 76. Kd5 Rf7 77. Re6 Rf4 78. Re4 Rf7
79. Kd6 Rf6+ 80. Kd5 Rf7 81. h5 Ra7 82. Ke6 Ra6+ 83. Kf5 Ra5+ 84. Re5 Ra7 85.
Rd5 Rf7+ 86. Ke6 Rf4 87. g5 hxg5 88. Rxg5+ Kh6 1/2-1/2

[Event "World Blitz Final"]
[Site "Astana KAZ"]
[Date "2012.07.10"]
[Round "24"]
[White "Grischuk, A."]
[Black "Jumabayev, R."]
[Result "1-0"]
[WhiteElo "2763"]
[BlackElo "2525"]
[PlyCount "51"]
[EventDate "2012.07.01"]

1. e4 e5 2. Nf3 Nc6 3. Bb5 Nf6 4. O-O Nxe4 5. d4 Nd6 6. Bxc6 dxc6 7. dxe5 Nf5
8. Qxd8+ Kxd8 9. h3 Ke8 10. Nc3 b6 11. Rd1 Ba6 12. a3 Rd8 13. Bf4 Bc8 14. Rxd8+
Kxd8 15. Rd1+ Ke8 16. g4 Ne7 17. e6 Bxe6 18. Bxc7 Nd5 19. Nxd5 Bxd5 20. Ne5 b5
21. b3 f6 22. c4 bxc4 23. bxc4 fxe5 24. cxd5 cxd5 25. Rxd5 Bxa3 26. Rd8+ 1-0

[Event "World Blitz Final"]
[Site "Astana KAZ"]
[Date "2012.07.10"]
[Round "24"]
[White "Le Quang Liem"]
[Black "Mamedyarov, S."]
[Result "1-0"]
[WhiteElo "2693"]
[BlackElo "2726"]
[PlyCount "74"]
[EventDate "2012.07.01"]

1. d4 g6 2. c4 Bg7 3. Nc3 d6 4. e4 e5 5. d5 Ne7 6. Be3 Nd7 7. Qd2 f5 8. f3 Nf6
9. h3 f4 10. Bf2 O-O 11. c5 g5 12. O-O-O h5 13. cxd6 cxd6 14. Kb1 Bd7 15. Bb5
g4 16. Bxd7 Qxd7 17. hxg4 hxg4 18. fxg4 Qxg4 19. Nf3 Rac8 20. Bh4 a6 21. Qe2
Qg6 22. Bxf6 Bxf6 23. Rh3 b5 24. a3 Rc4 25. g3 Qg4 26. Rdh1 Bg7 27. Rh4 Qg6 28.
gxf4 Rxf4 29. Rxf4 exf4 30. Rg1 Qh6 31. e5 Kf8 32. Ka2 Rxc3 33. bxc3 Nxd5 34.
Kb2 dxe5 35. Qd3 Qc6 36. Ng5 Nf6 37. Qf5 Qd5 1-0

[Event "World Blitz Final"]
[Site "Astana KAZ"]
[Date "2012.07.10"]
[Round "24"]
[White "Topalov, V."]
[Black "Carlsen, M."]
[Result "0-1"]
[WhiteElo "2752"]
[BlackElo "2837"]
[PlyCount "87"]
[EventDate "2012.07.01"]

1. e4 e5 2. Nf3 Nc6 3. Bb5 a6 4. Ba4 Nf6 5. O-O Be7 6. Re1 b5 7. Bb3 O-O 8. h3
d6 9. c3 Nb8 10. d4 Nbd7 11. Nbd2 c5 12. d5 c4 13. Bc2 Qc7 14. Nf1 Nc5 15. N3h2
a5 16. a3 Rb8 17. Bd2 Nfd7 18. Ng3 Qd8 19. Nf5 Nb6 20. Nxe7+ Qxe7 21. Be3 Nba4
22. Rb1 f5 23. f3 f4 24. Bf2 g5 25. Kf1 Bd7 26. Ke2 b4 27. axb4 axb4 28. Qd2 b3
29. Bd1 Nd3 30. Rg1 Bb5 31. Kf1 Ra8 32. g3 Kh8 33. gxf4 gxf4 34. Rg4 Bd7 35.
Bh4 Qf7 36. Be2 Nac5 37. Kg2 h5 38. Rg5 Rg8 39. Bxd3 Nxd3 40. Kh1 Rxg5 41. Bxg5
Bxh3 42. Rg1 Rg8 43. Qe2 Kh7 44. Bh4 0-1

[Event "World Blitz Final"]
[Site "Astana KAZ"]
[Date "2012.07.10"]
[Round "24"]
[White "Chadaev, N."]
[Black "Ivanchuk, V."]
[Result "1-0"]
[WhiteElo "2580"]
[BlackElo "2769"]
[PlyCount "131"]
[EventDate "2012.07.01"]

1. e4 c5 2. Nf3 d6 3. c3 Nf6 4. Be2 Bd7 5. d3 Nc6 6. O-O g6 7. Re1 Bg7 8. Bf1
O-O 9. h3 e5 10. Na3 h6 11. Nc2 Re8 12. Be3 b6 13. b4 d5 14. bxc5 dxe4 15. dxe4
Nxe4 16. cxb6 axb6 17. Qd3 Nc5 18. Qd5 Ne7 19. Qd2 Nf5 20. Bxc5 bxc5 21. Rad1
Ba4 22. Qxd8 Raxd8 23. Rxd8 Rxd8 24. Na3 Rd1 25. Rxd1 Bxd1 26. Nd2 Nd6 27. Nb5
Nb7 28. Bc4 Kf8 29. Kf1 Ba4 30. Ne4 Ke7 31. Nc7 f5 32. Nd5+ Kd8 33. Nd2 Nd6 34.
Bb3 Bc6 35. Ne3 e4 36. c4 Bc3 37. Ke2 Ba5 38. Nd5 Bd7 39. h4 g5 40. hxg5 hxg5
41. f3 exf3+ 42. Nxf3 Ne4 43. Bc2 g4 44. Ne5 Be8 45. Bxe4 fxe4 46. Nf6 Ba4 47.
Nxe4 Bc7 48. Nd3 Bc6 49. Ndxc5 Bb6 50. g3 Ke7 51. a4 Ba7 52. a5 Bb8 53. a6 Ba7
54. Kd3 Bb8 55. Nb3 Ba8 56. Nd4 Ba7 57. Nb5 Bg1 58. a7 Kd7 59. Nf6+ Kc6 60.
Nxg4 Kb6 61. Ne3 Bh2 62. g4 Bg3 63. g5 Bh4 64. g6 Bf6 65. Nd5+ Bxd5 66. cxd5
1-0

[Event "World Blitz Final"]
[Site "Astana KAZ"]
[Date "2012.07.10"]
[Round "24"]
[White "Bologan, V."]
[Black "Svidler, P."]
[Result "0-1"]
[WhiteElo "2732"]
[BlackElo "2749"]
[PlyCount "90"]
[EventDate "2012.07.01"]

1. e4 c5 2. Nf3 e6 3. d3 Nc6 4. g3 Nf6 5. Bg2 g6 6. O-O Bg7 7. c3 O-O 8. Qe2 a5
9. a4 b6 10. Na3 Ba6 11. Re1 d6 12. Nb5 Na7 13. Na3 Rc8 14. Qc2 Nd7 15. Bg5 Qc7
16. Nd2 h6 17. Be3 Ne5 18. Ndc4 Nec6 19. Bf4 Rfd8 20. Qc1 g5 21. Bd2 d5 22.
exd5 exd5 23. Ne3 Ne7 24. Qc2 d4 25. Nec4 Ng6 26. Re2 Bb7 27. Bxb7 Qxb7 28.
Rae1 Rc6 29. Qb3 Qc7 30. Nb5 Nxb5 31. axb5 Rf6 32. cxd4 Rxd4 33. Qc2 Rd8 34.
Bc3 Rf3 35. Re8+ Kh7 36. Bxg7 Kxg7 37. Qc3+ Rd4 38. R8e3 Rf6 39. Nd2 Qd7 40.
Nf3 Rd5 41. Kg2 Rdf5 42. R1e2 Qb7 43. d4 cxd4 44. Qxd4 Rxf3 45. Kg1 R3f5 0-1

[Event "World Blitz Final"]
[Site "Astana KAZ"]
[Date "2012.07.10"]
[Round "25"]
[White "Bologan, V."]
[Black "Morozevich, A."]
[Result "0-1"]
[WhiteElo "2732"]
[BlackElo "2770"]
[PlyCount "82"]
[EventDate "2012.07.01"]

1. e4 e6 2. d3 d5 3. Qe2 Nc6 4. Nf3 e5 5. g3 dxe4 6. dxe4 Nf6 7. Bg2 Bc5 8. O-O
O-O 9. c3 a5 10. Rd1 Qe7 11. Bg5 h6 12. Bxf6 Qxf6 13. Nbd2 Ne7 14. Nc4 Ng6 15.
Rd5 Ba7 16. Rxa5 Be6 17. Ra3 b5 18. Ncd2 c6 19. h3 Qe7 20. Nf1 Rad8 21. Ne3 Qb7
22. Nf5 Rd7 23. Rd1 Rfd8 24. Rxd7 Qxd7 25. h4 Bc5 26. b4 Bb6 27. h5 Nf8 28.
Nxe5 Qc7 29. Nf3 Bc4 30. Qe1 Ne6 31. Ne3 Rd3 32. Nxc4 bxc4 33. Ra6 Qb7 34. Ne5
Qxa6 35. Nxd3 cxd3 36. Qd2 Qc4 37. Bf1 Qxe4 38. Qxd3 Qe5 39. Bg2 Qe1+ 40. Qf1
Bxf2+ 41. Kh2 Bxg3+ 0-1

[Event "World Blitz Final"]
[Site "Astana KAZ"]
[Date "2012.07.10"]
[Round "25"]
[White "Svidler, P."]
[Black "Chadaev, N."]
[Result "1-0"]
[WhiteElo "2749"]
[BlackElo "2580"]
[PlyCount "85"]
[EventDate "2012.07.01"]

1. e4 c5 2. Nf3 Nc6 3. Bb5 g6 4. Bxc6 dxc6 5. d3 Bg4 6. Nbd2 Bg7 7. h3 Bxf3 8.
Nxf3 Nf6 9. Qe2 Nd7 10. h4 h6 11. h5 g5 12. e5 Nf8 13. Qe4 Ne6 14. O-O Qd5 15.
Re1 Qxe4 16. Rxe4 O-O-O 17. Be3 Rd5 18. Kf1 Kc7 19. Ke2 Rhd8 20. Rd1 b6 21. c4
R5d7 22. b3 a5 23. a4 Bh8 24. g3 Rg8 25. Nh2 Ng7 26. Ng4 Nf5 27. e6 fxe6 28.
Rxe6 Rd6 29. Re4 Bd4 30. Kd2 Rgd8 31. Bxd4 Rxd4 32. Rxd4 Rxd4 33. Ne5 Rd6 34.
Re1 Re6 35. Re4 Nd4 36. Ng4 Rd6 37. Rxe7+ Kd8 38. Rh7 Nxb3+ 39. Kc3 Nc1 40.
Rxh6 Rxd3+ 41. Kc2 Rd4 42. Ne5 Re4 43. Re6 1-0

[Event "World Blitz Final"]
[Site "Astana KAZ"]
[Date "2012.07.10"]
[Round "25"]
[White "Carlsen, M."]
[Black "Le Quang Liem"]
[Result "1-0"]
[WhiteElo "2837"]
[BlackElo "2693"]
[PlyCount "80"]
[EventDate "2012.07.01"]

1. Nf3 Nf6 2. c4 g6 3. Nc3 Bg7 4. e4 c5 5. d4 cxd4 6. Nxd4 Nc6 7. Nc2 O-O 8.
Be2 d6 9. Be3 Nd7 10. Qd2 a5 11. O-O Nc5 12. f3 a4 13. Rab1 Qa5 14. Kh1 Be6 15.
Rfc1 Rfc8 16. Na3 h5 17. Bf1 Ne5 18. Qd1 Kh7 19. Bd2 Qd8 20. Be3 Qa5 21. Nd5
Bxd5 22. exd5 Ned7 23. Nb5 Qd8 24. Rc2 Be5 25. f4 Bg7 26. f5 Ne5 27. Be2 Qd7
28. Nd4 gxf5 29. Bxh5 Ng6 30. Qf3 e6 31. dxe6 fxe6 32. Qh3 Qe7 33. Rf1 Rh8 34.
Nxf5 exf5 35. Bxg6+ Kg8 36. Qxf5 Be5 37. Bf7+ Kf8 38. Bd5+ Ke8 39. Qg6+ Kd7 40.
Rf7 Raf8 1-0

[Event "World Blitz Final"]
[Site "Astana KAZ"]
[Date "2012.07.10"]
[Round "25"]
[White "Mamedyarov, S."]
[Black "Grischuk, A."]
[Result "0-1"]
[WhiteElo "2726"]
[BlackElo "2763"]
[PlyCount "54"]
[EventDate "2012.07.01"]

1. d4 Nf6 2. c4 g6 3. Nc3 Bg7 4. g3 c5 5. d5 d6 6. Bg2 O-O 7. Nf3 e6 8. O-O
exd5 9. cxd5 Re8 10. Nd2 a6 11. a4 Nbd7 12. h3 Rb8 13. Nc4 Ne5 14. Na3 Nh5 15.
e4 Bd7 16. Qe2 f5 17. Kh2 fxe4 18. Nxe4 Bxa4 19. Bg5 Qd7 20. Qd2 Nf7 21. Be3
Nf6 22. Nc3 Bb3 23. Ne2 Ne5 24. Nf4 b5 25. Ne6 Bxd5 26. Nxg7 Bxg2 27. Nxe8
Qxh3+ 0-1

[Event "World Blitz Final"]
[Site "Astana KAZ"]
[Date "2012.07.10"]
[Round "25"]
[White "Jumabayev, R."]
[Black "Radjabov, T."]
[Result "1/2-1/2"]
[WhiteElo "2525"]
[BlackElo "2788"]
[PlyCount "50"]
[EventDate "2012.07.01"]

1. Nf3 Nf6 2. d4 g6 3. c4 Bg7 4. g3 O-O 5. Bg2 d6 6. O-O Nbd7 7. Nc3 e5 8. Qc2
exd4 9. Nxd4 Nb6 10. Rd1 Nxc4 11. Ncb5 a6 12. Qxc4 axb5 13. Nxb5 Ne8 14. Qb4 c6
15. Nxd6 Nxd6 16. Qxd6 Be6 17. Qxd8 Rfxd8 18. Rxd8+ Rxd8 19. Bg5 Ra8 20. a4
Bxb2 21. Rb1 Rxa4 22. Bxc6 bxc6 23. Rxb2 Kg7 24. f3 Ra2 25. Rxa2 Bxa2 1/2-1/2

[Event "World Blitz Final"]
[Site "Astana KAZ"]
[Date "2012.07.10"]
[Round "25"]
[White "Andreikin, D."]
[Black "Kotsur, P."]
[Result "1/2-1/2"]
[WhiteElo "2700"]
[BlackElo "2548"]
[PlyCount "96"]
[EventDate "2012.07.01"]

1. Nf3 c5 2. g3 Nc6 3. Bg2 g6 4. c3 e5 5. d4 cxd4 6. cxd4 e4 7. Ne5 d5 8. Nc3
Be6 9. O-O Bg7 10. Nxc6 bxc6 11. b3 Ne7 12. Ba3 O-O 13. e3 Re8 14. Rc1 h5 15.
Na4 h4 16. Bxe7 Qxe7 17. Rxc6 h3 18. Bh1 Bd7 19. Rc5 Bxa4 20. bxa4 Qd7 21. Qb3
Red8 22. Rfc1 Bf8 23. Rc7 Rac8 24. Rxc8 Rxc8 25. Rxc8 Qxc8 26. Qd1 Qc3 27. Qf1
Qc8 28. f3 f5 29. fxe4 fxe4 30. Qf6 Qf5 31. Qd8 a6 32. a5 Qe6 33. Qa8 Kf7 34.
Qb7+ Be7 35. Kf2 Kg7 36. Ke2 Kh6 37. Kd2 Qd6 38. Kc2 Qe6 39. Kd2 Qd6 40. Qc8
Qb4+ 41. Kc2 Qa4+ 42. Kb1 Qd1+ 43. Kb2 Qxh1 44. Qh8+ Kg5 45. Qe5+ Kh6 46. Qh8+
Kg5 47. Qe5+ Kh6 48. Qh8+ Kg5 1/2-1/2

[Event "World Blitz Final"]
[Site "Astana KAZ"]
[Date "2012.07.10"]
[Round "25"]
[White "Gelfand, B."]
[Black "Karjakin, Sergey"]
[Result "0-1"]
[WhiteElo "2738"]
[BlackElo "2779"]
[PlyCount "123"]
[EventDate "2012.07.01"]

1. d4 Nf6 2. c4 e6 3. g3 d5 4. Bg2 Be7 5. Nf3 O-O 6. Qc2 c5 7. O-O cxd4 8. Nxd4
e5 9. Nf5 d4 10. Bg5 h6 11. Nxe7+ Qxe7 12. Bxf6 Qxf6 13. Nd2 Nc6 14. a3 a5 15.
c5 Bf5 16. Qa4 Qe7 17. Ne4 Bxe4 18. Bxe4 Qxc5 19. Rac1 Qb6 20. Rc2 Ne7 21. Qd7
Nc6 22. Rfc1 Rae8 23. Qf5 g6 24. Qf3 Re6 25. g4 Kg7 26. Kh1 Rf6 27. Qg2 d3 28.
Bxd3 Rxf2 29. Qg1 Qe3 30. Rc3 e4 31. Bb5 Qf4 32. Rg3 Rd8 33. Qe1 Rd2 34. Kg1
Rxb2 35. Qc3+ Qf6 36. Bxc6 bxc6 37. Re3 Qxc3 38. Rcxc3 Rf4 39. h3 Rb6 40. Rc5
a4 41. Rc4 f5 42. gxf5 gxf5 43. Rxa4 Rh4 44. Kg2 Kf6 45. Ra8 Ke5 46. Kg3 Rh5
47. Re8+ Kd4 48. Kf2 c5 49. Rg3 f4 50. Rg7 e3+ 51. Kg2 Rg5+ 52. Rxg5 hxg5 53.
Kf3 Rb1 54. Rd8+ Kc4 55. Rg8 Rf1+ 56. Ke4 Rf2 57. Rxg5 Rxe2 58. Kxf4 Kd4 59.
Rg8 Rf2+ 60. Kg3 c4 61. Rd8+ Ke4 62. Rc8 0-1

[Event "World Blitz Final"]
[Site "Astana KAZ"]
[Date "2012.07.10"]
[Round "26"]
[White "Morozevich, A."]
[Black "Gelfand, B."]
[Result "1-0"]
[WhiteElo "2770"]
[BlackElo "2738"]
[PlyCount "49"]
[EventDate "2012.07.01"]

1. d4 d5 2. c4 c6 3. Nf3 Nf6 4. Nc3 e6 5. Bg5 h6 6. Bh4 dxc4 7. e4 g5 8. Bg3 b5
9. Be2 Bb7 10. e5 Nd5 11. O-O Nd7 12. a4 a6 13. Nxd5 cxd5 14. Ne1 Bg7 15. f4 f5
16. exf6 Nxf6 17. Bh5+ Kd7 18. Bg6 g4 19. f5 exf5 20. Bxf5+ Kc6 21. Nc2 Qe7 22.
Re1 Ne4 23. Rxe4 dxe4 24. d5+ Kb6 25. d6 1-0

[Event "World Blitz Final"]
[Site "Astana KAZ"]
[Date "2012.07.10"]
[Round "26"]
[White "Karjakin, Sergey"]
[Black "Andreikin, D."]
[Result "1-0"]
[WhiteElo "2779"]
[BlackElo "2700"]
[PlyCount "123"]
[EventDate "2012.07.01"]

1. e4 e5 2. Nf3 Nc6 3. Bb5 g6 4. c3 a6 5. Ba4 d6 6. d4 Bd7 7. O-O Bg7 8. Re1
Nge7 9. Be3 O-O 10. Nbd2 Qe8 11. Bb3 Kh8 12. h3 h6 13. Nf1 Na5 14. Bc2 Nc4 15.
Bc1 Qd8 16. Ng3 Nb6 17. b3 a5 18. Be3 a4 19. Qd2 Kh7 20. Rad1 axb3 21. axb3 Be6
22. c4 Qc8 23. Bb1 c5 24. dxe5 dxe5 25. Qd6 Nc6 26. Qxc5 Nd7 27. Qd6 Rd8 28.
Qd2 Nd4 29. Bxd4 exd4 30. e5 b5 31. Qf4 bxc4 32. bxc4 Qxc4 33. Rxd4 Qc7 34. Nh5
Bh8 35. Qe3 Nxe5 36. Nxe5 Qxe5 37. Rxd8 Rxd8 38. Bxg6+ Kxg6 39. Nf4+ Kh7 40.
Qxe5 Bxe5 41. Rxe5 Bb3 42. Kh2 Rb8 43. g4 Kg7 44. Kg3 Rb6 45. Nh5+ Kh7 46. Re7
Bc4 47. Rc7 Rb3+ 48. f3 Rb4 49. Rc6 Ra4 50. h4 Bd3 51. Nf6+ Kg7 52. Ne8+ Kf8
53. Nf6 Ra3 54. Nd7+ Kg7 55. Ne5 Be4 56. Rc7 Bd5 57. g5 hxg5 58. hxg5 Ra4 59.
g6 Be6 60. gxf7 Ra8 61. Re7 Kf6 62. Re8 1-0

[Event "World Blitz Final"]
[Site "Astana KAZ"]
[Date "2012.07.10"]
[Round "26"]
[White "Kotsur, P."]
[Black "Jumabayev, R."]
[Result "1/2-1/2"]
[WhiteElo "2548"]
[BlackElo "2525"]
[PlyCount "197"]
[EventDate "2012.07.01"]

1. e4 e5 2. Nf3 Nc6 3. Bb5 Nf6 4. d4 exd4 5. O-O a6 6. Ba4 Be7 7. Re1 b5 8. e5
Nxe5 9. Rxe5 bxa4 10. Nxd4 O-O 11. Nf5 Re8 12. Bg5 d6 13. Nxe7+ Rxe7 14. Bxf6
gxf6 15. Rxe7 Qxe7 16. Nc3 Bb7 17. Qg4+ Kh8 18. Qxa4 Rg8 19. g3 Qe5 20. Qc4 d5
21. Qb4 Bc8 22. Qc5 d4 23. Qxe5 fxe5 24. Na4 Bf5 25. Rc1 Rg6 26. Kf1 Rc6 27. c3
Bd3+ 28. Ke1 Bb5 29. b3 Bxa4 30. bxa4 Rc4 31. Kd2 Rxa4 32. cxd4 Rxa2+ 33. Ke3
exd4+ 34. Kxd4 Rxf2 35. Rxc7 Kg7 36. Ra7 Ra2 37. Ke4 h5 38. h4 Kg6 39. Rb7 a5
40. Rb6+ f6 41. Ra6 Ra3 42. Kf4 a4 43. Ra5 Ra1 44. Kf3 Ra3+ 45. Kf2 Ra2+ 46.
Kf3 a3 47. Kf4 Kh6 48. Kf3 Kg6 49. Ke3 Rg2 50. Kf3 Ra2 51. Ke3 Ra1 52. Kf2 a2
53. Kg2 Kf7 54. Ra8 Ke6 55. Ra5 Kd6 56. Ra8 Ke5 57. Ra5+ Ke4 58. Ra8 Ke3 59.
Ra7 f5 60. Ra3+ Ke4 61. Ra4+ Kd3 62. Ra8 Kc4 63. Ra7 Kd5 64. Ra8 Ke5 65. Ra5+
Ke4 66. Ra4+ Kd3 67. Ra8 f4 68. gxf4 Ke4 69. Ra4+ Kf5 70. Kh2 Kg4 71. f5+ Kxf5
72. Kg2 Ke5 73. Ra8 Ke4 74. Kh2 Kf3 75. Rf8+ Kg4 76. Ra8 Kxh4 77. Ra7 Kg5 78.
Ra8 Kf4 79. Ra7 Ke3 80. Ra8 Kd4 81. Ra7 Kc5 82. Ra8 Kc4 83. Ra7 Kb3 84. Rb7+
Kc2 85. Rc7+ Kd2 86. Rd7+ Ke3 87. Ra7 Kf3 88. Ra8 h4 89. Ra7 Kg4 90. Ra4+ Kg5
91. Ra5+ Kf4 92. Ra8 h3 93. Rf8+ Kg4 94. Rg8+ Kh4 95. Rh8+ Kg5 96. Rg8+ Kf6 97.
Ra8 Ke6 98. Ra7 Kd5 99. Ra8 1/2-1/2

[Event "World Blitz Final"]
[Site "Astana KAZ"]
[Date "2012.07.10"]
[Round "26"]
[White "Radjabov, T."]
[Black "Mamedyarov, S."]
[Result "1/2-1/2"]
[WhiteElo "2788"]
[BlackElo "2726"]
[PlyCount "24"]
[EventDate "2012.07.01"]

1. d4 Nf6 2. c4 g6 3. Nf3 Bg7 4. g3 O-O 5. Bg2 c6 6. Nc3 d5 7. cxd5 cxd5 8. Ne5
e6 9. O-O Nfd7 10. Nf3 Nf6 11. Ne5 Nfd7 12. Nf3 Nf6 1/2-1/2

[Event "World Blitz Final"]
[Site "Astana KAZ"]
[Date "2012.07.10"]
[Round "26"]
[White "Grischuk, A."]
[Black "Carlsen, M."]
[Result "0-1"]
[WhiteElo "2763"]
[BlackElo "2837"]
[PlyCount "186"]
[EventDate "2012.07.01"]

1. e4 e5 2. Nf3 Nc6 3. Bb5 a6 4. Ba4 Nf6 5. O-O Be7 6. Re1 b5 7. Bb3 d6 8. c3
O-O 9. a3 h6 10. h3 Re8 11. d4 Bf8 12. Nbd2 Nb8 13. Bc2 Nbd7 14. Nf1 c5 15. Ng3
g6 16. a4 Rb8 17. Be3 Qc7 18. Qd2 Kh7 19. d5 Nb6 20. Qe2 Bd7 21. b3 Bg7 22. a5
Nc8 23. b4 c4 24. Nh2 Ng8 25. Rf1 Qd8 26. Qd2 Qh4 27. Nf3 Qe7 28. Nh2 Qh4 29.
Nf3 Qe7 30. Nh2 Rb7 31. Rae1 Qf6 32. Re2 Nce7 33. Qc1 Nc8 34. Bd2 Qe7 35. Kh1
Rf8 36. Bb1 Kh8 37. f4 exf4 38. Bxf4 Be5 39. Ref2 h5 40. Nf3 f6 41. Nxe5 dxe5
42. Be3 Qg7 43. Bc5 Rf7 44. Qe3 Kh7 45. Ne2 Qh6 46. Ng1 Qxe3 47. Bxe3 Nd6 48.
Bc5 Ne8 49. Nf3 Rg7 50. Kh2 Bc8 51. Ne1 Rbf7 52. Nc2 Bd7 53. Ne3 Nh6 54. Bb6 g5
55. g3 Kg6 56. Bc5 Rg8 57. Rg1 Rh7 58. Kg2 Nf7 59. Rgf1 Kg7 60. Bc2 Rh6 61. Be7
Nfd6 62. g4 hxg4 63. hxg4 Rgh8 64. Kf3 Kf7 65. Bd8 Rh3+ 66. Ke2 R8h6 67. Kd2
Rg3 68. Rf3 Rh2+ 69. Kc1 Rhh3 70. Rxg3 Rxg3 71. Kd2 Bxg4 72. Rh1 Kg7 73. Be7
Bf3 74. Rf1 Bxe4 75. Bd1 Bd3 76. Re1 Ne4+ 77. Kc1 N8d6 78. Bh5 Rh3 79. Bg4 Rh2
80. Bf3 Ra2 81. Rh1 Ra1+ 82. Kb2 Rxh1 83. Bxh1 Kf7 84. Bd8 Nd2 85. Bc7 Ke7 86.
Bb6 Be4 87. Bxe4 N2xe4 88. Ng4 Nf5 89. Bc5+ Kf7 90. Kc2 Ne7 91. d6 Nc6 92. d7
Ke6 93. Bb6 Kxd7 0-1

[Event "World Blitz Final"]
[Site "Astana KAZ"]
[Date "2012.07.10"]
[Round "26"]
[White "Le Quang Liem"]
[Black "Ivanchuk, V."]
[Result "1-0"]
[WhiteElo "2693"]
[BlackElo "2769"]
[PlyCount "113"]
[EventDate "2012.07.01"]

1. d4 d5 2. c4 c6 3. Nc3 e5 4. dxe5 d4 5. Ne4 Qa5+ 6. Bd2 Qxe5 7. Ng3 Nf6 8.
Nf3 Qd6 9. Qc2 Be7 10. O-O-O O-O 11. e3 dxe3 12. Bxe3 Qb4 13. Bd3 Na6 14. Rhe1
Qa5 15. a3 Re8 16. Bd2 Qb6 17. Bc3 Be6 18. Ng5 Nc5 19. Nxe6 Nxe6 20. Nf5 Bf8
21. g3 Nc5 22. f3 Nxd3+ 23. Qxd3 Qf2 24. h4 b5 25. Rxe8 Rxe8 26. Bd4 bxc4 27.
Bxf2 cxd3 28. Rxd3 c5 29. Be3 g6 30. Bg5 Nh5 31. g4 f6 32. Nh6+ Kg7 33. gxh5
fxg5 34. hxg5 gxh5 35. f4 Kg6 36. Kd2 Re4 37. Rf3 Bxh6 38. gxh6 Kxh6 39. Kd3
Rd4+ 40. Ke3 Kg6 41. Rg3+ Kf6 42. Rg5 h4 43. Rxc5 Rd6 44. Rh5 Rb6 45. b4 Kg6
46. Rg5+ Kf6 47. Rh5 Kf7 48. Ra5 a6 49. Rg5 Kf6 50. Rh5 Kg6 51. Rxh4 a5 52. Kd3
axb4 53. axb4 h5 54. Kc4 Rb8 55. b5 Rc8+ 56. Kd5 Rh8 57. Ke4 1-0

[Event "World Blitz Final"]
[Site "Astana KAZ"]
[Date "2012.07.10"]
[Round "27"]
[White "Chadaev, N."]
[Black "Morozevich, A."]
[Result "0-1"]
[WhiteElo "2580"]
[BlackElo "2770"]
[PlyCount "92"]
[EventDate "2012.07.01"]

1. e4 e6 2. d3 d5 3. Nd2 a5 4. Ngf3 a4 5. a3 Nf6 6. g3 dxe4 7. dxe4 Bc5 8. Bg2
O-O 9. O-O Nc6 10. e5 Nd7 11. Qe2 b6 12. Re1 Bb7 13. h4 Be7 14. Nf1 Ra5 15. Bf4
Qa8 16. Rad1 Rd8 17. N1h2 Nf8 18. Rxd8 Bxd8 19. h5 h6 20. Ng4 Ne7 21. Rd1 Nf5
22. Ne3 Be7 23. g4 Nh4 24. Nxh4 Bxh4 25. Bxb7 Qxb7 26. f3 Bg5 27. Bxg5 hxg5 28.
Nf1 Qc6 29. Ng3 Nd7 30. Qe4 Rd5 31. Rxd5 Qxd5 32. Qxd5 exd5 33. Kf2 Nxe5 34.
Nf5 Kf8 35. b3 axb3 36. cxb3 c5 37. Nd6 Nc6 38. Ke3 Nd4 39. b4 Nc2+ 40. Kd3
Nxa3 41. bxc5 bxc5 42. Nb7 c4+ 43. Kd4 Nb5+ 44. Kxd5 c3 45. Nc5 c2 46. Nd3 Nc3+
0-1

[Event "World Blitz Final"]
[Site "Astana KAZ"]
[Date "2012.07.10"]
[Round "27"]
[White "Svidler, P."]
[Black "Le Quang Liem"]
[Result "0-1"]
[WhiteElo "2749"]
[BlackElo "2693"]
[PlyCount "86"]
[EventDate "2012.07.01"]

1. g3 g6 2. Bg2 Bg7 3. c4 c5 4. Nf3 Nc6 5. Nc3 Nh6 6. h4 d6 7. h5 Bg4 8. d3 Qd7
9. Bd2 Rb8 10. Qc1 Bxf3 11. Bxf3 Nf5 12. Bg2 Nfd4 13. h6 Bf8 14. Qd1 Ne6 15. e3
Nc7 16. Qe2 e6 17. Ne4 Be7 18. Bc3 e5 19. f4 f5 20. Nd2 O-O 21. O-O Bf6 22.
fxe5 Bxe5 23. Qf2 Bxc3 24. bxc3 Ne5 25. Qe2 Ng4 26. e4 Nxh6 27. exf5 Nxf5 28.
Ne4 Qe7 29. Qd2 Rbe8 30. Rf3 Ne6 31. Raf1 h5 32. Bh3 Neg7 33. Kh2 b6 34. R1f2
Qd8 35. Ng5 d5 36. cxd5 Qxd5 37. Qf4 Re7 38. Bg2 Qe5 39. Qc4+ Kh8 40. d4 cxd4
41. cxd4 Qc7 42. Qd3 h4 43. Kh3 Rd8 0-1